| 000 -LEADER |
| fixed length control field |
00542nam a22001577a 4500 |
| 005 - DATE AND TIME OF LATEST TRANSACTION |
| control field |
20250919152848.0 |
| 008 - FIXED-LENGTH DATA ELEMENTS--GENERAL INFORMATION |
| fixed length control field |
250919s1994 gw ||||| |||| 00| 0 goh d |
| 020 ## - INTERNATIONAL STANDARD BOOK NUMBER |
| International Standard Book Number |
9783860704585x |
| 080 ## - UNIVERSAL DECIMAL CLASSIFICATION NUMBER |
| Universal Decimal Classification number |
821.14'02-343.03=112.2 |
| 100 ## - MAIN ENTRY--PERSONAL NAME |
| Personal name |
Schwab,Gustav |
| 9 (RLIN) |
25846 |
| 245 ## - TITLE STATEMENT |
| Title |
Sagen des klassischen Altertums / |
| Statement of responsibility, etc. |
Gustav Schwab. |
| 264 ## - PRODUCTION, PUBLICATION, DISTRIBUTION, MANUFACTURE, AND COPYRIGHT NOTICE |
| Place of production, publication, distribution, manufacture |
Karl Müller : |
| Name of producer, publisher, distributor, manufacturer |
Erlangen, |
| Date of production, publication, distribution, manufacture, or copyright notice |
1994. |
| 300 ## - PHYSICAL DESCRIPTION |
| Extent |
575 p. |
| Other physical details |
Ill. |
| Dimensions |
23 cm |
| 653 ## - INDEX TERM--UNCONTROLLED |
| keyword |
კლასიკური ანტიკურობის ლეგენდები |
| 942 ## - ADDED ENTRY ELEMENTS (KOHA) |
| Source of classification or shelving scheme |
|
| Koha item type |
წიგნი |